00826nam a2200241Ia 450000100060000000300090000600800410001504000130005604000130006904100130008210000210009510000290011624500770014524500460022225000110026826000110027926000130029026000490030330000590035250001130041165000290052465000310055321970IT-RoPAU130308s9999 xx 000 0 und d aIT-RoPAU cIT-RoPAU aITALIANO aPorzio Francesco gCodice Aut. SPICS: 2332 aAspetti del dibattito estetico e letterario negli anni trenta in Italia bAnnitrenta (Gli)-Arte e Cultura in Italia a1a ed. aMILANO bMazzotta c1982 [1° Ed.:1982 - Ed.Ling.Originale:1982] a"12 p. (prefazione: no ; testo: 12 [pagine: 201-212])" a"Letteratura e Idee Estetiche Bontempelli riviste Letterarie Dibattito Estetico e Movimento di ""Corrente""" aSTORIA DELLE ARTI VISIVE eCodice materia Spics: 5008